|
|
|
|
| LEADER |
00588 a2200169 4500 |
| 008 |
150103s9999 000 0 eng |
| 020 |
|
|
|a 0442004095
|
| 082 |
0 |
0 |
|a 686.225
|
| 100 |
1 |
|
|a Richmond, Wendy.
|
| 245 |
1 |
0 |
|a Design & technology /
|
| 260 |
|
|
|a New York :
|b Van Nostrand Reinhold,
|c c1990.
|
| 300 |
|
|
|a xi, 209 p.
|
| 650 |
|
0 |
|a Graphic design (Typography)
|
| 650 |
|
0 |
|a Computer graphics.
|
| 942 |
|
|
|c BK
|
| 999 |
|
|
|c 303803
|d 303803
|
| 952 |
|
|
|0 0
|1 0
|2 ddc
|4 0
|6 686_225000000000000_RIC_DE
|7 0
|9 347436
|a DRA
|b DRA
|c REF
|d 2011-04-01
|i 5653
|l 1
|o 686.225 RIC/DE
|p DRA5653
|r 2012-09-19
|s 2012-09-19
|w 2011-04-01
|y REF
|